Missing Word: Movies, Books & Music (H) Quiz Stats

Quiz Updated Mar 12, 2016

Challenge
Share
Tweet
Embed
Score 0/21 Timer 02:00
1 Play Today
Hint Answer % Correct
MoviesHot
97.4%
MusicHit
97.3%
MoviesHard
96.9%
BooksHunchback
96.4%
BooksHunger
96.2%
BooksHat
96.1%
BooksHunt
95%
MusicHonky
94.5%
BooksHundred
93.5%
MusicHeaven's
93.1%
MoviesHappened
89.5%
Hint Answer % Correct
MoviesHotel
89.1%
MusicHour
85.7%
MusicHappiness
77.3%
MoviesHoliday
75.1%
MoviesHappyness
70.3%
BooksHouse
56.9%
MoviesHerbie
52.9%
MusicHigher
37.3%
MusicHandsome
22.5%
BooksHonorary
9.8%

Today's Daily Dose

Missing Word
1998 A-Z Movies

Word Ladder
5 Vowel Sounds

Quick Pick
Legal Terms

On This Day
June 25th II

You're not logged in!

Compare scores with friends on all Sporcle quizzes.
Join for Free
OR
Log In

You Might Also Like...

Show Comments

Extras

Top Quizzes Today


Score Distribution

Your Account Isn't Verified!

In order to create a playlist on Sporcle, you need to verify the email address you used during registration. Go to your Sporcle Settings to finish the process.

Report this User

Report this user for behavior that violates our Community Guidelines.

Details: